Multiples of 16 Quiz - Statistics

General Stats
  • This quiz has been taken 256 times
  • The average score is 23 of 25
Answer Stats
Answer % Correct
16
100%
32
100%
48
100%
64
100%
80
100%
128
99%
112
98%
160
98%
96
98%
144
97%
176
96%
192
96%
208
94%
224
94%
240
94%
256
93%
272
86%
288
86%
304
85%
320
85%
336
85%
352
85%
368
84%
384
83%
400
83%
No matching quizzes found
Score Distribution
Percent of People with Each Score
Percentile by Number Answered
Your Score History
You have not taken this quiz